Loading...
| Fine Arts - Classical Music | 0 | 7 | 1 | 2 | 65 | 38 | 79.71 | 3 | 5 |
| Literature - European Literature | 0 | 6 | 0 | 0 | 60 | 51 | 83.83 | 0 | 6 |
| Philosophy | 0 | 6 | 0 | 1 | 60 | 38 | 64.83 | 3 | 6 |
| Fine Arts - Visual Fine Arts | 0 | 5 | 0 | 0 | 50 | 39 | 69.00 | 1 | 3 |
| Literature - American Literature | 0 | 4 | 0 | 0 | 40 | 24 | 64.75 | 0 | 4 |
| Literature - British Literature | 0 | 4 | 1 | 1 | 35 | 61 | 99.00 | 1 | 2 |
| Mythology | 0 | 3 | 0 | 0 | 30 | 16 | 53.00 | 1 | 2 |
| Science - Chemistry | 0 | 3 | 0 | 0 | 30 | 64 | 76.33 | 1 | 3 |
| Science - Other Science | 0 | 3 | 0 | 0 | 30 | 45 | 60.33 | 1 | 1 |
| Social Science | 0 | 3 | 1 | 0 | 25 | 49 | 70.00 | 0 | 2 |
| Fine Arts - Other Fine Arts | 0 | 3 | 1 | 0 | 25 | 69 | 80.67 | 1 | 3 |
| Religion | 0 | 3 | 1 | 0 | 25 | 91 | 95.00 | 1 | 3 |
| Science - Biology | 0 | 2 | 0 | 0 | 20 | 66 | 70.50 | 0 | 2 |
| Science - Physics | 0 | 2 | 0 | 0 | 20 | 63 | 64.50 | 0 | 1 |
| History - European History | 0 | 2 | 0 | 0 | 20 | 76 | 81.00 | 0 | 2 |
| History - World History | 0 | 2 | 0 | 0 | 20 | 35 | 61.00 | 1 | 2 |
| History - Other History | 0 | 2 | 1 | 1 | 15 | 69 | 81.50 | 0 | 1 |
| Literature - World/Other Literature | 0 | 1 | 1 | 0 | 5 | 75 | 75.00 | 1 | 1 |
| History - American History | 0 | 0 | 1 | 0 | -5 | 0.00 | 0 | 0 |